000 01444agaaa2200325 4500
001 0774
003 IT-RoPAU
005 20220918181233.0
007 d cvaizq
008 50131s9999||||xx ||| | || ||und||
040 _aIT-RoPAU
_cIT-RoPAU
041 _aITALIANO
100 _aPollack Sydney
_gCodice regista SPICS: 1628
_941740
130 _aDIRITTO DI CRONACA
_941741
240 _aABSENCE OF MALICE
_gT1838
245 _aDIRITTO DI CRONACA
_cProdotto da: Pollack Sidney -- Sceneggiatura: Luedtke Kurt -- Diretto da: Pollack Sydney
_pDIRITTO DI CRONACA (Rif. Codice opera principale : V0774)
246 _aABSENCE OF MALICE
250 _aEdizione Standard
260 _a(USA)
_bCOLUMBIA FILM / Distribuzione: SPF FIRENZE
_g"1981 (1° ed.: 1993 ; Ed. Lingua Orig.: 1981)"
300 _a16MM
_bsonoro, col.
_c120 minuti
508 _a"Fotografia: Roizman Owen; Montaggio: Kahn Sheldon; Musica: Grusin Dave; Sceneggiatura: Luedtke Kurt; "
511 _a"Newman Paul; Field Sally; Primus Barry; Hood Don; Sommer Joseph; Dillon Melinda"
520 _aFILM A COLORI. PELLICOLA IN BUONO STATO. PER TRAMA VEDI VIDEOCASSETTA:9960/26208.
538 _aMONO
546 _aITALIANO
650 _aDRAMMATICO
_ePELLICOLE CINEMA [16 MM]
_xCodice MATERIA SPICS: 9955
_941742
700 _aGrusin Dave
_e(musica)
_gCodice Musica SPICS: 9602
_941743
700 _aPollack Sydney
_e(regista)
_gCodice regista SPICS: 1628
_941744
942 _cMM
_2ddc
999 _c105496
_d105496